[Event "Anapa Sea Harbor Cup"]
[Site "Anapa"]
[Date "2022.06.02"]
[Round "1"]
[White "Moiseenko, Vadim"]
[Black "Bagdasarian, Semen"]
[Result "1-0"]
[WhiteElo "2545"]
[BlackElo "1863"]
[PlyCount "45"]
[EventDate "2022.06.02"]
[EventType "swiss"]
[EventRounds "9"]
[EventCountry "RUS"]
[SourceTitle "CBM 208 Extra"]
[Source "ChessBase"]
[SourceDate "2022.07.31"]
[SourceVersion "1"]
[SourceVersionDate "2022.07.31"]
[SourceQuality "1"]

1. d4 d5 2. c4 e6 3. Nc3 Nf6 4. Nf3 Be7 5. g3 b6 6. Bg2 Bb7 7. Ne5 0-0 8. 0-0 Nbd7 9. Qa4 Nxe5 10. dxe5 Ne4 11. cxd5 Nxc3 12. bxc3 exd5 13. c4 Bc5 14. cxd5 Qe8 15. Qf4 Rd8 16. Rd1 Ba6 17. Bf3 f6 18. e6 Bd6 19. Qh4 Be5 20. Ba3 Bxa1 21. e7 c5 22. exd8R Qxd8 23. Rxa1 1-0

[Event "Malaya Zemlya Rapid op"]
[Site "Novorossiysk"]
[Date "2021.07.10"]
[Round "2"]
[White "Smirnov, Pavel"]
[Black "Bagdasarian, Semen"]
[Result "1-0"]
[WhiteElo "2544"]
[BlackElo "1855"]
[PlyCount "41"]
[EventDate "2021.07.10"]
[EventType "swiss (rapid)"]
[EventRounds "9"]
[EventCountry "RUS"]
[SourceTitle "CBM 203 Extra"]
[Source "ChessBase"]
[SourceDate "2021.09.30"]
[SourceVersion "1"]
[SourceVersionDate "2021.09.30"]
[SourceQuality "1"]

1. d4 Nf6 2. c4 g6 3. g3 d5 4. Bg2 c6 5. b3 Bg7 6. Nf3 0-0 7. 0-0 Re8 8. Bb2 Nbd7 9. Nbd2 dxc4 10. bxc4 Qc7 11. h3 b6 12. e4 Nh5 13. e5 e6 14. Ne4 c5 15. Nd6 Rf8 16. Ng5 Rb8 17. Ndxf7 Rxf7 18. Nxe6 Qb7 19. Bxb7 Bxb7 20. Nxg7 Nxg7 21. d5 1-0

[Event "Anapa Sea Harbor Cup Rapid"]
[Site "Anapa"]
[Date "2021.06.11"]
[Round "3"]
[White "Gabrielian, Artur"]
[Black "Bagdasarian, Semen"]
[Result "1-0"]
[WhiteElo "2456"]
[BlackElo "1922"]
[PlyCount "59"]
[EventDate "2021.06.11"]
[EventType "swiss (rapid)"]
[EventRounds "9"]
[EventCountry "RUS"]
[SourceTitle "CBM 202 Extra"]
[Source "ChessBase"]
[SourceDate "2021.07.31"]
[SourceVersion "1"]
[SourceVersionDate "2021.07.31"]
[SourceQuality "1"]

1. e4 c5 2. Nc3 d6 3. d4 cxd4 4. Qxd4 a6 5. b3 Nc6 6. Qd2 Nf6 7. Bb2 e6 8. 0-0-0 Be7 9. f4 Qc7 10. Nf3 0-0 11. g4 b5 12. g5 Nd7 13. Kb1 Bb7 14. Bd3 Nc5 15. h4 Nxd3 16. cxd3 b4 17. Na4 a5 18. h5 f6 19. h6 g6 20. Rhg1 f5 21. Rc1 Qd8 22. Qe3 d5 23. exf5 exf5 24. Qe6+ Rf7 25. Rxc6 Bxc6 26. Qxc6 Rc8 27. Qe6 Bd6 28. Ne5 Bxe5 29. Qxe5 Kf8 30. Re1 1-0

[Event "RUS-ch blitz"]
[Site "Sochi"]
[Date "2017.10.02"]
[Round "4"]
[White "Bagdasarian, Semen"]
[Black "Potkin, Vladimir"]
[Result "0-1"]
[WhiteElo "1898"]
[BlackElo "2574"]
[PlyCount "62"]
[EventDate "2017.10.02"]
[EventType "swiss (blitz)"]
[EventRounds "20"]
[EventCountry "RUS"]
[SourceTitle "EXT 2018"]
[Source "ChessBase"]
[SourceDate "2017.10.13"]
[SourceVersion "1"]
[SourceVersionDate "2017.10.13"]
[SourceQuality "1"]

1. e4 c5 2. Nf3 e6 3. d4 cxd4 4. Nxd4 Nc6 5. Nc3 Qc7 6. Qd3 a6 7. Nxc6 Qxc6 8. Qg3 b5 9. Bd3 Bb7 10. 0-0 h5 11. Be3 h4 12. Qg4 Nf6 13. Qf3 b4 14. Ne2 Nxe4 15. Bxe4 Qxe4 16. Qxe4 Bxe4 17. c3 bxc3 18. Nxc3 Bc6 19. Rfd1 Rh5 20. Rac1 Rb8 21. b3 Bb4 22. Ne2 Ra5 23. Nd4 Bd5 24. Rc2 f6 25. f3 g5 26. Rdc1 Ke7 27. Kf2 Bd6 28. g3 hxg3+ 29. hxg3 Rh8 30. Kg2 g4 31. Rh1 gxf3+ 0-1

[Event "Krasnodar Region-ch"]
[Site "Krasnodar"]
[Date "2014.10.08"]
[Round "6"]
[White "Bagdasarian, Semen"]
[Black "Tyunin, Vladislav"]
[Result "1-0"]
[WhiteElo "1898"]
[BlackElo "2206"]
[PlyCount "55"]
[EventDate "2014.10.03"]
[EventType "swiss"]
[EventRounds "9"]
[EventCountry "RUS"]
[SourceTitle "EXT 2015"]
[Source "ChessBase"]
[SourceDate "2014.11.20"]
[SourceVersion "1"]
[SourceVersionDate "2014.11.20"]
[SourceQuality "1"]

1. e4 g6 2. d4 Bg7 3. Be3 c6 4. Bc4 d5 5. exd5 cxd5 6. Bb3 Nf6 7. Ne2 0-0 8. 0-0 Nc6 9. c3 Na5 10. Nd2 Nxb3 11. axb3 Ng4 12. Bf4 f6 13. h3 Nh6 14. Nf3 Nf7 15. Re1 g5 16. Bh2 g4 17. hxg4 Bxg4 18. Nh4 Bh6 19. Qd3 Qd7 20. f3 Bg5 21. Bg3 Bxh4 22. Bxh4 Bf5 23. Qe3 Nd6 24. Nf4 Kf7 25. Nxd5 Be6 26. Nc7 Qxc7 27. Qxe6+ Ke8 28. Bxf6 1-0

[Event "Krasnodar Region-ch"]
[Site "Krasnodar"]
[Date "2014.10.06"]
[Round "4"]
[White "Gridnev, Yury"]
[Black "Bagdasarian, Semen"]
[Result "0-1"]
[WhiteElo "2014"]
[BlackElo "1898"]
[PlyCount "170"]
[EventDate "2014.10.03"]
[EventType "swiss"]
[EventRounds "9"]
[EventCountry "RUS"]
[SourceTitle "EXT 2015"]
[Source "ChessBase"]
[SourceDate "2014.11.20"]
[SourceVersion "1"]
[SourceVersionDate "2014.11.20"]
[SourceQuality "1"]

1. d4 Nf6 2. c4 g6 3. Nc3 d5 4. Nf3 Bg7 5. Qb3 dxc4 6. Qxc4 c6 7. e4 Nbd7 8. Be3 0-0 9. Be2 Nb6 10. Qd3 Bg4 11. Rd1 Qc7 12. 0-0 Rfd8 13. Rd2 Nfd7 14. Rfd1 Bxf3 15. Bxf3 Ne5 16. Qe2 Nxf3+ 17. gxf3 e6 18. Rc2 Qe7 19. b3 Rd7 20. Rd3 Rad8 21. Rcd2 h6 22. Qd1 Kh7 23. Ne2 f5 24. Kh1 g5 25. d5 exd5 26. exf5 c5 27. Qc2 Qf6 28. Bxc5 Qxf5 29. Nd4 Qg6 30. Re3 Qxc2 31. Rxc2 Bxd4 32. Bxd4 Nc8 33. Kg2 a6 34. Kg3 Nd6 35. Kg4 Nb5 36. Rd2 Rf8 37. Be5 Kg6 38. Red3 Rfd8 39. f4 h5+ 40. Kg3 Kf5 41. a4 Na7 42. Bd4 gxf4+ 43. Kg2 Nc8 44. Rh3 Rg8+ 45. Kf3 Rg5 46. Rh4 Kg6 47. Rxf4 Rf5 48. Re2 Re7 49. Rxf5 Kxf5 50. Rc2 Nd6 51. Bc5 Rd7 52. Ke3 Ke6 53. Bxd6 Kxd6 54. f4 Re7+ 55. Kf3 d4 56. f5 Re3+ 57. Kf4 Rxb3 58. f6 d3 59. Rf2 Ke6 60. Ke3 Kf7 61. Rf5 d2+ 62. Kxd2 Rb2+ 63. Ke3 Rxh2 64. a5 h4 65. Kf3 Rh1 66. Kg2 Rc1 67. Rh5 Kxf6 68. Rxh4 Rb1 69. Rh6+ Ke5 70. Kf3 Kd5 71. Ke3 Kc5 72. Kd3 Rb5 73. Rh7 Kb4 74. Rh1 Kxa5 75. Kc4 Rb4+ 76. Kc5 b6+ 77. Kc6 Rc4+ 78. Kb7 Kb5 79. Rb1+ Rb4 80. Rh1 a5 81. Rh6 Kc4 82. Ka6 Kb3 83. Rh3+ Ka2 84. Rh2+ Rb2 85. Rh6 a4 0-1

[Event "Krasnodar Region-ch"]
[Site "Krasnodar"]
[Date "2014.10.05"]
[Round "3"]
[White "Bagdasarian, Semen"]
[Black "Karaev, Seit"]
[Result "1-0"]
[WhiteElo "1898"]
[BlackElo "2135"]
[PlyCount "89"]
[EventDate "2014.10.03"]
[EventType "swiss"]
[EventRounds "9"]
[EventCountry "RUS"]
[SourceTitle "EXT 2015"]
[Source "ChessBase"]
[SourceDate "2014.11.20"]
[SourceVersion "1"]
[SourceVersionDate "2014.11.20"]
[SourceQuality "1"]

1. e4 d5 2. exd5 Nf6 3. Bb5+ Bd7 4. Bc4 Bg4 5. f3 Bf5 6. Nc3 Nbd7 7. Nge2 Nb6 8. Bb3 Nfxd5 9. Nxd5 Nxd5 10. d4 e6 11. Ng3 Bg6 12. Bd2 c5 13. Ba4+ Ke7 14. dxc5 Qc7 15. c4 Qe5+ 16. Ne2 Ne3 17. Bxe3 Qxe3 18. Qd4 Qxd4 19. Nxd4 Kf6 20. c6 Bb4+ 21. Ke2 bxc6 22. Nxc6 Bd6 23. Rad1 Bf4 24. g3 Bc7 25. Rd7 Bb6 26. b4 a5 27. c5 axb4 28. cxb6 Rxa4 29. b7 Rxa2+ 30. Rd2 b3 31. Rxa2 bxa2 32. Ra1 Bb1 33. b8Q Rxb8 34. Nxb8 Ke5 35. Nc6+ Kd5 36. Nb4+ Kd4 37. Nxa2 Bg6 38. Rd1+ Ke5 39. Nb4 h5 40. Nd3+ Kf6 41. Nf4 e5 42. Nxg6 Kxg6 43. Ke3 f5 44. Rd6+ Kg5 45. h4# 1-0

[Event "Krasnodar Region Cup"]
[Site "Krasnodar"]
[Date "2013.01.29"]
[Round "7"]
[White "Bagdasarian, Semen"]
[Black "Sluzhilov, Aleksandr"]
[Result "0-1"]
[WhiteElo "1904"]
[BlackElo "2059"]
[PlyCount "114"]
[EventDate "2013.01.23"]
[EventType "swiss"]
[EventRounds "8"]
[EventCountry "RUS"]
[SourceTitle "EXT 2023"]
[Source "ChessBase"]
[SourceDate "2022.10.05"]
[SourceVersion "1"]
[SourceVersionDate "2022.10.05"]
[SourceQuality "1"]

1. e4 g6 2. d4 Bg7 3. Nf3 d6 4. Bc4 Nf6 5. Nc3 0-0 6. h3 c6 7. Be3 b5 8. Bd3 Re8 9. 0-0 e5 10. dxe5 dxe5 11. Qd2 Nbd7 12. Rad1 Qe7 13. a3 Bb7 14. Rfe1 a6 15. Bg5 Qf8 16. Bf1 Re6 17. Bxf6 Nxf6 18. Ng5 Re7 19. Qd6 Qe8 20. Nf3 Rc8 21. a4 Re6 22. Qb4 Bf8 23. Qb3 Bc5 24. axb5 axb5 25. Ng5 Re7 26. Nf3 Rcc7 27. Na2 Red7 28. Rxd7 Rxd7 29. c3 Bc8 30. Nb4 Rd6 31. Nd3 Bb6 32. Qc2 Re6 33. Ng5 Re7 34. Nf3 Kg7 35. Qd2 Nd7 36. Qg5 h6 37. Qg3 Bc7 38. Nh4 Nf6 39. Qe3 Nd7 40. Qg3 Kh7 41. Qe3 Bb6 42. Qd2 Nf8 43. Nf3 f6 44. Kh1 Be6 45. Nh2 h5 46. Nf3 Rd7 47. Qc2 Bc4 48. Kg1 Qd8 49. Nb4 Bxf1 50. Kxf1 Rd6 51. Ke2 Ne6 52. g3 Kg7 53. Nd3 Qd7 54. Rf1 Nd8 55. Nfe1 Qxh3 56. Nf3 Qg4 57. Rh1 Qxe4+ 0-1

[Event "Krasnodar Region Cup"]
[Site "Krasnodar"]
[Date "2013.01.24"]
[Round "2"]
[White "Bogachkov, Vladislav"]
[Black "Bagdasarian, Semen"]
[Result "1-0"]
[WhiteElo "2120"]
[BlackElo "1904"]
[PlyCount "41"]
[EventDate "2013.01.23"]
[EventType "swiss"]
[EventRounds "8"]
[EventCountry "RUS"]
[SourceTitle "EXT 2023"]
[Source "ChessBase"]
[SourceDate "2022.10.05"]
[SourceVersion "1"]
[SourceVersionDate "2022.10.05"]
[SourceQuality "1"]

1. e4 c5 2. c3 d5 3. exd5 Qxd5 4. d4 cxd4 5. cxd4 Nc6 6. Nf3 Bg4 7. Be2 e6 8. Nc3 Qd8 9. Be3 Nf6 10. 0-0 Bd6 11. h3 Bh5 12. Qb3 a6 13. Ne5 Na5 14. Qa4+ b5 15. Nxb5 Bxe2 16. Nxd6+ Ke7 17. Nb7 Qb6 18. Qa3+ Ke8 19. Nd6+ Kd8 20. Ndxf7+ Ke8 21. d5 1-0

[Event "Golubitskaya op"]
[Site "Golubitskaya"]
[Date "2012.07.04"]
[Round "8"]
[White "Bagdasarian, Semen"]
[Black "Volynsky, Mark"]
[Result "1-0"]
[WhiteElo "1893"]
[BlackElo "1933"]
[PlyCount "61"]
[EventDate "2012.06.26"]
[EventType "swiss"]
[EventRounds "9"]
[EventCountry "RUS"]
[SourceTitle "EXT 2014"]
[Source "ChessBase"]
[SourceDate "2013.11.20"]
[SourceVersion "1"]
[SourceVersionDate "2013.11.20"]
[SourceQuality "1"]

1. e4 d5 2. exd5 Qxd5 3. Nc3 Qd6 4. d4 Nf6 5. Bc4 a6 6. Nge2 Bf5 7. Bb3 e6 8. Bf4 Qd7 9. f3 Nc6 10. a3 0-0-0 11. Be3 Bd6 12. Qd2 e5 13. d5 Ne7 14. 0-0-0 h6 15. Ba4 c6 16. Bb6 Bc7 17. Bxc7 Qxc7 18. d6 Qb8 19. Bb3 Bg6 20. Na4 b6 21. Qc3 Rxd6 22. Rxd6 Qxd6 23. Nxb6+ Kb7 24. Nc4 Qc7 25. Qxe5 Qxe5 26. Nxe5 Ned5 27. Nd4 c5 28. Nxg6 fxg6 29. Ne6 Kc6 30. Re1 Re8 31. Ba4+ 1-0

[Event "Golubitskaya op"]
[Site "Golubitskaya"]
[Date "2012.06.26"]
[Round "1"]
[White "Lugovskoy, Maxim"]
[Black "Bagdasarian, Semen"]
[Result "0-1"]
[WhiteElo "2376"]
[BlackElo "1893"]
[PlyCount "142"]
[EventDate "2012.06.26"]
[EventType "swiss"]
[EventRounds "9"]
[EventCountry "RUS"]
[SourceTitle "EXT 2014"]
[Source "ChessBase"]
[SourceDate "2013.11.20"]
[SourceVersion "1"]
[SourceVersionDate "2013.11.20"]
[SourceQuality "1"]

1. e4 c5 2. Nf3 d6 3. d4 cxd4 4. Nxd4 Nf6 5. Nc3 a6 6. Bg5 e6 7. f4 Be7 8. Qd2 Qc7 9. 0-0-0 Nbd7 10. Be2 b5 11. Bf3 Bb7 12. Rhe1 h6 13. Bxf6 Nxf6 14. e5 dxe5 15. fxe5 Nd7 16. Bxb7 Bg5 17. Bxa8 Bxd2+ 18. Rxd2 0-0 19. Be4 Nxe5 20. Nf3 Nc4 21. Rd4 Rc8 22. Red1 Nb6 23. g4 Qf4+ 24. Kb1 Qc7 25. h4 Qe7 26. g5 hxg5 27. hxg5 g6 28. a3 Rxc3 29. bxc3 Qxa3 30. Ne5 Na4 31. Rxa4 bxa4 32. Rd8+ Kg7 33. Rc8 Qd6 34. Nd3 Qb6+ 35. Ka2 Qb5 36. Rc5 Qb8 37. c4 Qh2 38. Nb2 Qf4 39. Bc6 e5 40. Bd5 e4 41. Rc6 e3 42. Rf6 Qxg5 43. Rxf7+ Kh8 44. Rf8+ Kg7 45. Re8 Qf4 46. Nd1 Qd4 47. Nxe3 Qc3 48. c5 Qxc5 49. Re4 a5 50. Bc4 Qc6 51. Rd4 Qf3 52. Rd7+ Kh6 53. Rd3 g5 54. Rd6+ Kh5 55. Re6 g4 56. Re5+ Kg6 57. Bd3+ Kg7 58. Rg5+ Kh6 59. Rg6+ Kh5 60. Nxg4 Qd5+ 61. Kb1 Qh1+ 62. Kb2 Qb7+ 63. Kc1 a3 64. Nf6+ Kh4 65. Rg4+ Kh3 66. Kd2 a2 67. Bf5 Qg2+ 68. Rxg2+ Kxg2 69. Be4+ Kg3 70. Bd3 a1Q 71. Ne4+ Kf4 0-1

[Event "Anapa Zarembo Memorial"]
[Site "Anapa"]
[Date "2012.06.11"]
[Round "9"]
[White "Yelovskih, Gennady"]
[Black "Bagdasarian, Semen"]
[Result "0-1"]
[WhiteElo "1607"]
[BlackElo "1893"]
[PlyCount "58"]
[EventDate "2012.06.01"]
[EventType "swiss"]
[EventRounds "9"]
[EventCountry "RUS"]
[SourceTitle "EXT 2014"]
[Source "ChessBase"]
[SourceDate "2013.11.20"]
[SourceVersion "1"]
[SourceVersionDate "2013.11.20"]
[SourceQuality "1"]

1. e4 c5 2. c3 d5 3. exd5 Qxd5 4. d4 cxd4 5. cxd4 Nc6 6. Nf3 Bg4 7. Be2 Rd8 8. Nc3 Qa5 9. Be3 e6 10. a3 Nf6 11. 0-0 a6 12. h3 Bh5 13. b4 Qc7 14. Qc2 Bxf3 15. Bxf3 Nxd4 16. Bxd4 Rxd4 17. Rac1 Be7 18. Ne2 Qxc2 19. Rxc2 Rd7 20. Rc8+ Bd8 21. Rb8 Nd5 22. Bxd5 exd5 23. Rc8 0-0 24. Rd1 Bf6 25. Rxf8+ Kxf8 26. Ng3 g6 27. Ne4 Be7 28. Rd4 Ke8 29. g4 dxe4 0-1

[Event "Anapa Zarembo Memorial"]
[Site "Anapa"]
[Date "2012.06.07"]
[Round "6"]
[White "Bagdasarian, Semen"]
[Black "Trunov, Evgeny"]
[Result "1/2-1/2"]
[WhiteElo "1893"]
[BlackElo "1722"]
[PlyCount "98"]
[EventDate "2012.06.01"]
[EventType "swiss"]
[EventRounds "9"]
[EventCountry "RUS"]
[SourceTitle "EXT 2014"]
[Source "ChessBase"]
[SourceDate "2013.11.20"]
[SourceVersion "1"]
[SourceVersionDate "2013.11.20"]
[SourceQuality "1"]

1. e4 e5 2. Nf3 Nf6 3. Nxe5 d6 4. Nf3 Nxe4 5. d4 Be7 6. Bd3 Nf6 7. h3 Nc6 8. 0-0 0-0 9. a3 d5 10. Re1 Re8 11. Bf4 Be6 12. Nc3 a6 13. Ne2 Bd6 14. Ne5 Ne7 15. g4 Ng6 16. Bg3 Nd7 17. f4 Ndxe5 18. dxe5 Bc5+ 19. Kh2 Bd7 20. Bxg6 hxg6 21. Qxd5 Be7 22. Nd4 c6 23. Qb3 Bxg4 24. hxg4 Qxd4 25. Rad1 Qc5 26. Re2 Rad8 27. Bf2 Qb5 28. Qxb5 axb5 29. Red2 Rxd2 30. Rxd2 Rd8 31. Rxd8+ Bxd8 32. Bc5 Bc7 33. Kg3 g5 34. Kf3 gxf4 35. Kxf4 f6 36. Bd4 Kf7 37. Kf5 fxe5 38. Bxe5 Bb6 39. Bc3 Bc7 40. Be5 Bb6 41. Bd6 Ba7 42. b3 Bg1 43. a4 bxa4 44. bxa4 g6+ 45. Ke4 Ke6 46. Be5 Bb6 47. c4 Ba7 48. Bc7 Bg1 49. Be5 Ba7 1/2-1/2

[Event "Anapa Zarembo Memorial"]
[Site "Anapa"]
[Date "2012.06.06"]
[Round "5"]
[White "Zhevna, Vladislav"]
[Black "Bagdasarian, Semen"]
[Result "1-0"]
[WhiteElo "1936"]
[BlackElo "1893"]
[PlyCount "43"]
[EventDate "2012.06.01"]
[EventType "swiss"]
[EventRounds "9"]
[EventCountry "RUS"]
[SourceTitle "EXT 2014"]
[Source "ChessBase"]
[SourceDate "2013.11.20"]
[SourceVersion "1"]
[SourceVersionDate "2013.11.20"]
[SourceQuality "1"]

1. e4 c5 2. c3 d5 3. exd5 Qxd5 4. d4 cxd4 5. cxd4 Nc6 6. Nf3 Nf6 7. Nc3 Qd8 8. d5 Nb8 9. Bf4 a6 10. Be2 b5 11. Ne5 Bb7 12. Bf3 Qb6 13. 0-0 g6 14. Re1 Bg7 15. Nc6 Bxc6 16. dxc6 Ra7 17. Be3 Qc7 18. Bxa7 Qxa7 19. Qd6 0-0 20. Rxe7 Ne8 21. Rxa7 Nxd6 22. c7 1-0

[Event "Anapa Zarembo Memorial"]
[Site "Anapa"]
[Date "2011.06.04"]
[Round "2"]
[White "Bagdasarian, Semen"]
[Black "Konovalov, Eduard"]
[Result "0-1"]
[WhiteElo "1897"]
[BlackElo "2006"]
[PlyCount "92"]
[EventDate "2011.06.03"]
[EventType "tourn"]
[EventRounds "9"]
[EventCountry "RUS"]
[SourceTitle "EXT 2012"]
[Source "ChessBase"]
[SourceDate "2011.11.24"]
[SourceVersion "1"]
[SourceVersionDate "2011.11.24"]
[SourceQuality "1"]

1. e4 c6 2. Nf3 d5 3. Nc3 e6 4. d3 Nf6 5. Qe2 Be7 6. g3 d4 7. Nb1 e5 8. Bg2 0-0 9. 0-0 Qc7 10. Nh4 g6 11. Bg5 Ng4 12. Bxe7 Qxe7 13. Nf3 Na6 14. h3 Nf6 15. Nbd2 b5 16. Nh2 Bb7 17. f4 Nd7 18. Ndf3 f6 19. Ng4 c5 20. Qd2 Nb4 21. fxe5 Nxe5 22. Ngxe5 fxe5 23. a3 Nc6 24. Qg5 Rae8 25. h4 c4 26. Bh3 Rf7 27. Qd2 Bc8 28. Bxc8 Rxc8 29. Ng5 Rff8 30. Nf3 c3 31. bxc3 dxc3 32. Qe3 Qd6 33. Kg2 Rf6 34. a4 b4 35. Rad1 Rcf8 36. Qe2 Qc5 37. d4 exd4 38. Qb5 Qe7 39. e5 Rxf3 40. Rxf3 Rxf3 41. Kxf3 Nxe5+ 42. Kg2 Qd6 43. Qe2 b3 44. cxb3 d3 45. Qe4 c2 46. Re1 Qc6 0-1

[Event "Anapa op"]
[Site "Anapa"]
[Date "2009.09.05"]
[Round "6"]
[White "Barannikov, Vladimir"]
[Black "Bagdasarian, Semen"]
[Result "1-0"]
[WhiteElo "2023"]
[BlackElo "1892"]
[PlyCount "48"]
[EventDate "2009.08.31"]
[EventType "swiss"]
[EventRounds "9"]
[EventCountry "RUS"]
[SourceTitle "CBM 132 Extra"]
[Source "ChessBase"]
[SourceDate "2009.11.03"]
[SourceVersion "1"]
[SourceVersionDate "2009.11.03"]
[SourceQuality "1"]

1. e4 c5 2. Ne2 d6 3. g3 g6 4. Bg2 Bg7 5. c3 Nc6 6. d4 cxd4 7. cxd4 Qb6 8. Nbc3 Bxd4 9. Nd5 Qc5 10. Nc7+ Kd8 11. Nxa8 Bxf2+ 12. Kf1 b6 13. Bd2 Bd4 14. Rc1 Qe5 15. Rxc6 Bb7 16. Bf4 Bxc6 17. Bxe5 Bxe5 18. Nxb6 axb6 19. Qb3 b5 20. Kf2 Nf6 21. Rc1 Kd7 22. Qxf7 Ng4+ 23. Kg1 Ne3 24. Bh3+ Kc7 1-0

[Event "Anapa op"]
[Site "Anapa"]
[Date "2009.08.31"]
[Round "1"]
[White "Bagdasarian, Semen"]
[Black "Mamoshin, Valery"]
[Result "0-1"]
[WhiteElo "1892"]
[BlackElo "2276"]
[PlyCount "100"]
[EventDate "2009.08.31"]
[EventType "swiss"]
[EventRounds "9"]
[EventCountry "RUS"]
[SourceTitle "CBM 132 Extra"]
[Source "ChessBase"]
[SourceDate "2009.11.03"]
[SourceVersion "1"]
[SourceVersionDate "2009.11.03"]
[SourceQuality "1"]

1. e4 c5 2. Nf3 Nc6 3. d4 cxd4 4. Nxd4 g6 5. Nc3 Bg7 6. Be3 Nf6 7. Bc4 0-0 8. Bb3 Ng4 9. Nxc6 dxc6 10. Qxd8 Rxd8 11. Bc5 Kf8 12. f3 Nf6 13. 0-0 b6 14. Be3 Ne8 15. Rad1 Ba6 16. Rfe1 Nd6 17. Na4 Nc4 18. Bc1 Bd4+ 19. Kh1 Na5 20. Nc3 Nxb3 21. axb3 f6 22. g3 Kf7 23. Kg2 Bb7 24. Ne2 Bc5 25. Nf4 e5 26. Nd3 Be7 27. b4 Ba6 28. Nf2 Bxb4 29. c3 Be7 30. f4 h5 31. fxe5 fxe5 32. Nh3 Rxd1 33. Rxd1 Rd8 34. Rxd8 Bxd8 35. Kf3 Bc4 36. Nf2 a5 37. h4 b5 38. Nd1 Bb3 39. Ne3 Ke6 40. Nf1 Be7 41. Nd2 Bd1+ 42. Kf2 a4 43. Nb1 c5 44. Na3 b4 45. cxb4 cxb4 46. Nb5 Kd7 47. Bd2 Bc2 48. Kf3 Kc6 49. Na7+ Kb7 50. Be3 a3 0-1

[Event "Anapa op"]
[Site "Anapa"]
[Date "2008.09.08"]
[Round "9"]
[White "Bagdasarian, Semen"]
[Black "Pronin, Vladimir"]
[Result "0-1"]
[WhiteElo "1920"]
[BlackElo "2115"]
[PlyCount "84"]
[EventDate "2008.08.31"]
[EventType "swiss"]
[EventRounds "9"]
[EventCountry "RUS"]
[SourceTitle "EXT 2010"]
[Source "ChessBase"]
[SourceDate "2010.11.25"]
[SourceVersion "1"]
[SourceVersionDate "2010.11.25"]
[SourceQuality "1"]

1. e4 e5 2. Nf3 d6 3. d4 exd4 4. Nxd4 Nf6 5. Nc3 Be7 6. Bc4 0-0 7. 0-0 Nxe4 8. Nxe4 d5 9. Bd3 dxe4 10. Bxe4 Bf6 11. Nb3 c6 12. c3 Re8 13. Bc2 Qxd1 14. Rxd1 b6 15. Be3 Be6 16. a4 Nd7 17. a5 c5 18. Nd2 Bg4 19. Be4 Bxd1 20. Bxa8 Rxa8 21. Rxd1 Ne5 22. Ne4 Be7 23. Ra1 Rb8 24. axb6 axb6 25. Ra7 Kf8 26. b3 Nc6 27. Ra1 Na5 28. Rb1 Rd8 29. Kf1 f5 30. Nd2 Rd3 31. b4 cxb4 32. cxb4 Nc6 33. Ke2 Rd7 34. b5 Nd4+ 35. Bxd4 Rxd4 36. Rb3 Ke8 37. h3 Kd7 38. Rd3 Rxd3 39. Kxd3 Kd6 40. Nb3 Kd5 41. f3 Bf6 42. g4 g6 0-1